000 00870nam a22002537a 4500
005 2009102607497.0
008 091026t xxu||||| |||| 00| 0 eng d
010 _aENG-95201
020 _a9780070153363
_c395.00
020 _a0070153361
_c395.00
035 _aEN-78734
037 _bDBAD / PUB
040 _aDPL
082 _a332.0954
100 _aGurusamy, S.
245 _aIndian financial system /
_cby S. Gurusamy
250 _a2nd. ed.
260 _aNew Delhi
_bTata McGraw Hill Education
_c2009
270 _a7, West Patel Nagar
_bNew Delhi
_e110008
300 _axvi, 624p.
_c24 cm.(Pbk)
500 _aIncludes index.
942 _2ddc
_cEN
_mGUR
_h332.0954
999 _c31039
_d31039